| 000 | 00835cam a2200241 a 4500 | ||
|---|---|---|---|
| 001 | 000001075 | ||
| 005 | 20200929145455.0 | ||
| 008 | 741224s1974 xxuac 000 0 eng | ||
| 020 | _a083481028X | ||
| 040 |
_aDO-SdBNP _bspa _cBNPHU |
||
| 041 | 1 | 7 |
_aeng _hjpn |
| 082 |
_a709.52 _bK22m |
||
| 100 | 1 |
_aKawakita, Michiaki, _d1914- _93677 |
|
| 240 | 1 | 0 |
_aKindai bijutsu no nagare. _lInglés |
| 245 | 1 | 0 |
_aModern currents in Japanese art / _cMichiaki Kawakita; Traductor, Charles S. Terry. |
| 260 |
_aNew York : _bWeatherhill, _c1974. |
||
| 300 |
_a158 p. : _bil. ; _c23 cm. |
||
| 490 | 0 |
_aThe Heibonsha survey of Japanese art ; _v24 |
|
| 534 |
_aTitulo original: _tKindai bijutsu no nagare |
||
| 650 | 4 |
_aArte japones _ySIGLO XX _93678 |
|
| 700 | 1 |
_aTerry, Charles S. _etr. _93679 |
|
| 830 | 0 |
_aThe Heibonsha survey of Japanese art ; _n24 _93680 |
|
| 999 |
_c1037 _d1037 |
||